[Event "East European zonal 3 (w)"]
[Site "Brno CSR"]
[Date "1989.??.??"]
[Round "10"]
[White "Stanciu, Gabriela"]
[Black "Savova, Stefka"]
[Result "1/2-1/2"]
[WhiteElo "2215"]
[BlackElo "2240"]
[EventDate "1989.09.23"]
[PlyCount "116"]

1.Nf3 Nf6 2.c4 g6 3.Nc3 c5 4.e4 d6 5.d4 cxd4 6.Nxd4 Bg7 7.f3 Nc6 8.Be3 Bd7
9.Qd2 O-O 10.Rc1 Nxd4 11.Bxd4 a5 12.b3 Bc6 13.Be2 Nd7 14.Be3 Nc5 15.O-O 
Qb6 16.Nb5 Rfc8 17.Rfd1 Qd8 18.Bf1 Qf8 19.Nc3 b6 20.Nd5 Rab8 21.Bg5 Rb7 
22.Rb1 Ra8 23.Nc3 Be5 24.Rdc1 f5 25.exf5 gxf5 26.Be3 Qg7 27.f4 Bxc3 28.
Qxc3 Qxc3 29.Rxc3 Kf7 30.Re1 Ne4 31.Rc2 Rg8 32.Bd4 Nc5 33.Bb2 Be4 34.Rd2 
Ne6 35.Rf2 Nc5 36.Re3 Rg6 37.Rh3 Kg8 38.Be2 e5 39.fxe5 Rbg7 40.Bf1 dxe5 
41.Bxe5 Rd7 42.Bf4 Rd1 43.Rd2 Rxd2 44.Bxd2 Rd6 45.Bc3 Rd1 46.Kf2 Bb1 47.
Ke2 Rc1 48.Rg3+ Kf7 49.Bd4 Bxa2 50.Bxc5 bxc5 51.Rf3 Bb1 52.Kd2 Rc2+ 53.Kd1
Ra2 54.Bd3 Bxd3 55.Rxd3 a4 56.bxa4 Rxa4 57.Rd5 Rxc4 58.Rxf5+ Kg6 1/2-1/2

[Event "East European zonal 3 (w)"]
[Site "Brno CSR"]
[Date "1989.??.??"]
[Round "10"]
[White "Sziva, Erika"]
[Black "Klusek, Danuta"]
[Result "1-0"]
[WhiteElo "2250"]
[BlackElo "2190"]
[EventDate "1989.09.23"]
[PlyCount "65"]

1.e4 c5 2.Nf3 e6 3.d4 cxd4 4.Nxd4 Nf6 5.Nc3 Nc6 6.Ndb5 Bb4 7.a3 Bxc3+ 8.
Nxc3 d5 9.exd5 exd5 10.Bd3 O-O 11.O-O d4 12.Ne2 Bg4 13.Bg5 Re8 14.f3 Be6 
15.Qd2 Rc8 16.Qf4 h6 17.Bxf6 Qxf6 18.Qxf6 gxf6 19.Rfd1 Red8 20.Bb5 Bf5 21.
Bxc6 Rxc6 22.Nxd4 Bxc2 23.Nxc6 Rxd1+ 24.Rxd1 Bxd1 25.Nxa7 Bb3 26.Nb5 Kg7 
27.Kf2 Kg6 28.Ke3 f5 29.Nd6 b6 30.Nc8 b5 31.Nd6 Ba4 32.Kd4 Kf6 33.Kc5 1-0

[Event "East European zonal 3 (w)"]
[Site "Brno CSR"]
[Date "1989.??.??"]
[Round "10"]
[White "Voiska, Margarita"]
[Black "Genova, Ruzhka"]
[Result "1-0"]
[WhiteElo "2335"]
[BlackElo "2210"]
[EventDate "1989.09.23"]
[PlyCount "63"]

1.c4 Nf6 2.Nf3 e6 3.Nc3 Bb4 4.Qb3 Bxc3 5.Qxc3 O-O 6.g3 b6 7.Bg2 Bb7 8.O-O 
c5 9.d4 Ne4 10.Qc2 d5 11.b3 Nd7 12.dxc5 bxc5 13.Bb2 Qb6 14.e3 Rac8 15.Rfd1
Rfd8 16.Rab1 Ndf6 17.Nd2 Nxf2 18.Bxf6 gxf6 19.Kxf2 d4 20.Bxb7 dxe3+ 21.
Kxe3 Qxb7 22.Nf3 Qa6 23.Rd2 Rxd2 24.Qxd2 e5 25.Rd1 f5 26.Qd7 f4+ 27.gxf4 
exf4+ 28.Kf2 Qxa2+ 29.Rd2 Qa6 30.Qg4+ Kh8 31.Ne5 Rf8 32.Nxf7+ 1-0

[Event "East European zonal 3 (w)"]
[Site "Brno CSR"]
[Date "1989.??.??"]
[Round "11"]
[White "Genova, Ruzhka"]
[Black "Stanciu, Gabriela"]
[Result "1-0"]
[WhiteElo "2210"]
[BlackElo "2215"]
[EventDate "1989.09.23"]
[PlyCount "51"]

1.d4 d5 2.c4 e6 3.Nf3 c5 4.cxd5 exd5 5.g3 Nc6 6.Bg2 Nf6 7.O-O Be7 8.Nc3 
O-O 9.Bg5 c4 10.Ne5 Be6 11.e3 h6 12.Bxf6 Bxf6 13.f4 Ne7 14.g4 g6 15.Qf3 
Bg7 16.Qg3 b5 17.a3 Rb8 18.f5 gxf5 19.gxf5 Bxf5 20.Nxd5 Nxd5 21.Rxf5 Ne7 
22.Rh5 Rb6 23.Rf1 f5 24.Kh1 Qe8 25.Rg1 Kh7 26.Bc6 1-0

[Event "East European zonal 3 (w)"]
[Site "Brno CSR"]
[Date "1989.??.??"]
[Round "11"]
[White "Kaczorowska, Barbara"]
[Black "Ghinda, Eugenia"]
[Result "0-1"]
[WhiteElo "2225"]
[BlackElo "2200"]
[EventDate "1989.09.23"]
[PlyCount "61"]

1.d4 e6 2.c4 f5 3.g3 Nf6 4.Bg2 c6 5.Nh3 d5 6.O-O Bd6 7.Bf4 Be7 8.Qd3 O-O 
9.Nd2 Ne4 10.f3 Nxd2 11.Qxd2 Nd7 12.e4 dxc4 13.Rac1 Nb6 14.Be5 Bd7 15.f4 
Be8 16.Ng5 Qd7 17.Qe2 h6 18.Nf3 Bh5 19.Qe3 Rac8 20.Nd2 c5 21.Nxc4 Nxc4 22.
Rxc4 b5 23.Rxc5 Bxc5 24.dxc5 Rfd8 25.Bd6 Bf7 26.e5 b4 27.Rc1 Rc6 28.Qb3 a5
29.a3 bxa3 30.bxa3 Rdc8 31.Qb5 0-1

[Event "East European zonal 3 (w)"]
[Site "Brno CSR"]
[Date "1989.??.??"]
[Round "11"]
[White "Kisova, Petra"]
[Black "Detko, Joanna"]
[Result "0-1"]
[WhiteElo "2105"]
[BlackElo "2175"]
[EventDate "1989.09.23"]
[PlyCount "108"]

1.e4 e5 2.Nf3 Nc6 3.Bb5 a6 4.Ba4 Nf6 5.O-O b5 6.Bb3 Bb7 7.Re1 Bc5 8.c3 d6 
9.d4 Bb6 10.Bg5 h6 11.Bh4 Qe7 12.d5 Nd8 13.Nbd2 g5 14.Bg3 h5 15.h4 g4 16.
Ng5 O-O 17.Nf1 Ne8 18.Ne3 Bxe3 19.Rxe3 f6 20.Ne6 Nxe6 21.dxe6 Ng7 22.Re1 
Bc8 23.f3 gxf3 24.Qxf3 Bxe6 25.Bf2 Rac8 26.Be3 Qf7 27.Bh6 Kh7 28.Bxe6 Qxe6
29.Bxg7 Kxg7 30.Rf1 Rh8 31.Qg3+ Qg4 32.Qxg4+ hxg4 33.g3 Rh5 34.Rf2 Rf8 35.
Raf1 Kg6 36.Rf5 Rxf5 37.Rxf5 Rh8 38.Kf2 a5 39.Ke3 c6 40.Kd3 c5 41.a3 a4 
42.Ke3 Rh5 43.Rxh5 Kxh5 44.Kd3 Kg6 45.Ke3 Kf7 46.Kd3 Ke6 47.Ke3 d5 48.Kd3 
dxe4+ 49.Kxe4 f5+ 50.Ke3 Kf6 51.Ke2 Kg6 52.Ke3 Kh5 53.Ke2 f4 54.Kf2 fxg3+ 
0-1

[Event "East European zonal 3 (w)"]
[Site "Brno CSR"]
[Date "1989.??.??"]
[Round "11"]
[White "Madl, Ildiko"]
[Black "Velvart, Peterne"]
[Result "1/2-1/2"]
[WhiteElo "2310"]
[BlackElo "2220"]
[EventDate "1989.09.23"]
[PlyCount "28"]

1.e4 c5 2.Nf3 d6 3.c3 Nf6 4.h3 g6 5.Bd3 Bg7 6.O-O O-O 7.Bc2 Nc6 8.d4 cxd4 
9.cxd4 d5 10.e5 Ne4 11.Nc3 Nxc3 12.bxc3 Na5 13.Nd2 Be6 14.f4 f5 1/2-1/2

[Event "East European zonal 3 (w)"]
[Site "Brno CSR"]
[Date "1989.??.??"]
[Round "11"]
[White "Skacelova, Libuse"]
[Black "Voiska, Margarita"]
[Result "1/2-1/2"]
[WhiteElo "2160"]
[BlackElo "2335"]
[EventDate "1989.09.23"]
[PlyCount "61"]

1.e4 e6 2.d4 d5 3.Nd2 Nf6 4.Bd3 c5 5.e5 Nfd7 6.c3 Nc6 7.Ne2 cxd4 8.cxd4 
Qb6 9.Nf3 f6 10.exf6 Nxf6 11.O-O Bd6 12.Nc3 O-O 13.Be3 Bd7 14.Ne5 Bxe5 15.
dxe5 Qxb2 16.exf6 Qxc3 17.fxg7 Qxg7 18.Qd2 Rf6 19.f4 d4 20.Bf2 Qf8 21.Bh4 
Rf7 22.Rab1 b6 23.Be4 Rc8 24.Rb3 Qd6 25.Rg3+ Kh8 26.Qe2 Qc5 27.Qg4 d3+ 28.
Kh1 Qd4 29.Bxd3 Ne7 30.Qh5 Rcf8 31.Bxe7 1/2-1/2

[Event "East European zonal 3 (w)"]
[Site "Brno CSR"]
[Date "1989.??.??"]
[Round "11"]
[White "Wagner-Michel, Annett"]
[Black "Forgo, Eva"]
[Result "1/2-1/2"]
[WhiteElo "2190"]
[BlackElo "2165"]
[EventDate "1989.09.23"]
[PlyCount "52"]

1.e4 e5 2.Nf3 Nc6 3.d4 exd4 4.Nxd4 Nf6 5.Nc3 Bb4 6.Nxc6 bxc6 7.Bd3 d5 8.
exd5 cxd5 9.O-O O-O 10.Bg5 c6 11.Qf3 Bd6 12.Rae1 Rb8 13.b3 Bb4 14.Bd2 Bg4 
15.Qg3 Qd7 16.h3 Bf5 17.Qf3 Bg6 18.Nb1 Ne4 19.Bxb4 Rxb4 20.c4 a5 21.Rd1 
Qb7 22.h4 h6 23.Qe2 a4 24.Bxe4 Bxe4 25.Nc3 axb3 26.axb3 Rxb3 1/2-1/2

[Event "East European zonal 3 (w)"]
[Site "Brno CSR"]
[Date "1989.??.??"]
[Round "12"]
[White "Detko, Joanna"]
[Black "Savova, Stefka"]
[Result "0-1"]
[WhiteElo "2175"]
[BlackElo "2240"]
[EventDate "1989.09.23"]
[PlyCount "82"]

1.e4 c5 2.Nf3 d6 3.d4 cxd4 4.Nxd4 Nf6 5.Nc3 a6 6.Bg5 e6 7.f4 Qb6 8.Qd2 
Qxb2 9.Rb1 Qa3 10.Rb3 Qa5 11.f5 Nc6 12.fxe6 fxe6 13.Nxc6 bxc6 14.Be2 Be7 
15.O-O O-O 16.Nd5 Qd8 17.Nxe7+ Qxe7 18.Rd3 Ra7 19.Rxd6 Rd7 20.e5 Rxd6 21.
exd6 Qd7 22.c4 c5 23.Bd3 Bb7 24.Bxf6 gxf6 25.Rf2 f5 26.Bc2 Bc6 27.Qf4 Qg7 
28.Rd2 Qa1+ 29.Rd1 Qg7 30.Qf2 f4 31.d7 Bxd7 32.Be4 Ba4 33.Re1 Qd4 34.Bb1 
e5 35.Rxe5 Qxe5 36.Qf1 Re8 37.Bxh7+ Kxh7 38.Qd3+ Qe4 39.Qh3+ Kg7 40.Qg4+ 
Kf7 41.h4 Qe1+ 0-1

[Event "East European zonal 3 (w)"]
[Site "Brno CSR"]
[Date "1989.??.??"]
[Round "12"]
[White "Forgo, Eva"]
[Black "Kisova, Petra"]
[Result "1/2-1/2"]
[WhiteElo "2165"]
[BlackElo "2105"]
[EventDate "1989.09.23"]
[PlyCount "99"]

1.e4 e5 2.Nc3 Nf6 3.Bc4 Nxe4 4.Qh5 Nd6 5.Qxe5+ Qe7 6.Qxe7+ Bxe7 7.Bb3 O-O 
8.Nf3 Nc6 9.O-O Nf5 10.Nd5 Bd6 11.c3 b6 12.d4 Bb7 13.Bc2 Nfe7 14.Nxe7+ 
Bxe7 15.Bf4 d6 16.Rfe1 Bf6 17.Rad1 Ne7 18.Ng5 Ng6 19.Bc1 Bc6 20.g3 Rfe8 
21.h4 Bxg5 22.Bxg5 Bf3 23.Rc1 f6 24.Bd2 Kf8 25.Ba4 Rxe1+ 26.Rxe1 Ne7 27.
Bc2 h6 28.c4 Nc6 29.Bc3 Re8 30.Re3 Bg4 31.Kg2 Re7 32.Be4 Nd8 33.b4 Be6 34.
d5 Bg4 35.Bd3 Nb7 36.Bd4 a5 37.a3 Rxe3 38.Bxe3 axb4 39.axb4 Ke7 40.f3 Bd7 
41.g4 Nd8 42.Kg3 Ba4 43.g5 hxg5 44.hxg5 Nf7 45.gxf6+ gxf6 46.f4 Bd1 47.Bd4
Nh8 48.Kf2 Bh5 49.Ke3 Ng6 50.c5 1/2-1/2

[Event "East European zonal 3 (w)"]
[Site "Brno CSR"]
[Date "1989.??.??"]
[Round "12"]
[White "Genova, Ruzhka"]
[Black "Skacelova, Libuse"]
[Result "1-0"]
[WhiteElo "2210"]
[BlackElo "2160"]
[EventDate "1989.09.23"]
[PlyCount "63"]

1.d4 Nf6 2.Nf3 d6 3.c4 c6 4.Nc3 Nbd7 5.e4 e5 6.Be2 Be7 7.O-O O-O 8.Be3 a6 
9.d5 cxd5 10.cxd5 b5 11.Nd2 Nb6 12.a4 b4 13.a5 Nbd7 14.Na4 Nc5 15.Nb6 Rb8 
16.f3 Nfd7 17.Ndc4 f5 18.Nxd7 Bxd7 19.Bxc5 dxc5 20.d6 Bf6 21.Qd5+ Kh8 22.
Nb6 Bg5 23.Qxc5 Bf4 24.Nd5 Bb5 25.Nxf4 exf4 26.Bxb5 Rxb5 27.Qc7 fxe4 28.
fxe4 Qf6 29.Rad1 Qxb2 30.Rxf4 Rg8 31.d7 Rg5 32.Rf2 1-0

[Event "East European zonal 3 (w)"]
[Site "Brno CSR"]
[Date "1989.??.??"]
[Round "12"]
[White "Ghinda, Eugenia"]
[Black "Wagner-Michel, Annett"]
[Result "1-0"]
[WhiteElo "2200"]
[BlackElo "2190"]
[EventDate "1989.09.23"]
[PlyCount "118"]

1.Nf3 d5 2.d4 Nf6 3.e3 g6 4.Bd3 Bg7 5.O-O O-O 6.b3 Nbd7 7.Ba3 Re8 8.Nbd2 
e5 9.dxe5 Ng4 10.Be2 Ngxe5 11.Rb1 c6 12.c4 Nxf3+ 13.Nxf3 Nf6 14.Bb2 Bf5 
15.Rc1 dxc4 16.Bxc4 h6 17.Qxd8 Raxd8 18.Rfd1 Be4 19.Kf1 Bd5 20.Ke1 Bxc4 
21.Rxd8 Rxd8 22.Rxc4 Rd7 23.Bd4 a6 24.Ke2 Nd5 25.Bxg7 Kxg7 26.g3 h5 27.Ne5
Re7 28.Nd3 f5 29.Kd2 Nf6 30.Rd4 Ne4+ 31.Kc2 Kf6 32.Rd8 Kf7 33.b4 Rc7 34.f3
Nf6 35.Ne5+ Kg7 36.Kd3 c5 37.a3 cxb4 38.axb4 Re7 39.f4 Rc7 40.Rd6 Rc1 41.
Rb6 Rc7 42.Kd4 Re7 43.Rd6 Re8 44.h3 Re7 45.Rb6 Rc7 46.Re6 h4 47.gxh4 Ne4 
48.Rxg6+ Kh7 49.Re6 Rg7 50.Nf3 a5 51.bxa5 Rd7+ 52.Ke5 Ng3 53.Ng5+ Kg7 54.
Rb6 Re7+ 55.Re6 Rc7 56.Kd6 Rc6+ 57.Kd5 Rc3 58.Re5 Rd3+ 59.Kc5 Rd6 1-0

[Event "East European zonal 3 (w)"]
[Site "Brno CSR"]
[Date "1989.??.??"]
[Round "12"]
[White "Muresan, Margareta"]
[Black "Veroci-Petronic, Zsuzsa"]
[Result "1/2-1/2"]
[WhiteElo "2215"]
[BlackElo "2340"]
[EventDate "1989.09.23"]
[PlyCount "21"]

1.Nf3 Nf6 2.c4 g6 3.Nc3 d5 4.cxd5 Nxd5 5.Qa4+ Bd7 6.Qh4 Nxc3 7.dxc3 Nc6 8.
e4 e5 9.Bg5 Be7 10.Bxe7 Qxe7 11.Qxe7+ 1/2-1/2

[Event "East European zonal 3 (w)"]
[Site "Brno CSR"]
[Date "1989.??.??"]
[Round "12"]
[White "Stanciu, Gabriela"]
[Black "Prochazkova, Dana"]
[Result "1/2-1/2"]
[WhiteElo "2215"]
[BlackElo "2025"]
[EventDate "1989.09.23"]
[PlyCount "40"]

1.Nf3 d5 2.c4 c6 3.b3 Nf6 4.Bb2 Bf5 5.d3 h6 6.g3 e6 7.Bg2 Be7 8.O-O O-O 9.
Nbd2 Nbd7 10.Re1 Nb6 11.e4 Bh7 12.e5 Nfd7 13.d4 c5 14.cxd5 Nxd5 15.Ne4 
cxd4 16.Qxd4 Qb6 17.Qa4 Nc5 18.Nxc5 Bxc5 19.Bd4 Nb4 20.Bxc5 Qxc5 1/2-1/2

[Event "East European zonal 3 (w)"]
[Site "Brno CSR"]
[Date "1989.??.??"]
[Round "12"]
[White "Sziva, Erika"]
[Black "Madl, Ildiko"]
[Result "1/2-1/2"]
[WhiteElo "2250"]
[BlackElo "2310"]
[EventDate "1989.09.23"]
[PlyCount "28"]

1.e4 c5 2.c3 d6 3.d4 Nf6 4.Bd3 g6 5.h3 Bg7 6.Nf3 O-O 7.O-O Nfd7 8.Be3 Nc6 
9.Qd2 Rb8 10.dxc5 Nxc5 11.Bc2 b6 12.Na3 Bb7 13.Rad1 Rc8 14.Bh6 Ne5 1/2-1/2

[Event "East European zonal 3 (w)"]
[Site "Brno CSR"]
[Date "1989.??.??"]
[Round "12"]
[White "Velvart, Peterne"]
[Black "Kaczorowska, Barbara"]
[Result "0-1"]
[WhiteElo "2220"]
[BlackElo "2225"]
[EventDate "1989.09.23"]
[PlyCount "72"]

1.d4 Nf6 2.c4 c5 3.d5 b5 4.cxb5 a6 5.Nc3 axb5 6.e4 b4 7.Nb5 d6 8.Bf4 Nbd7 
9.Nf3 Ng4 10.Bc4 g6 11.h3 Nge5 12.Bxe5 Nxe5 13.Nxe5 dxe5 14.d6 exd6 15.Qd5
Be6 16.Qxa8 Qxa8 17.Nc7+ Ke7 18.Nxa8 Bxc4 19.Nb6 Bd3 20.f3 Bh6 21.Kf2 f5 
22.exf5 gxf5 23.a4 bxa3 24.Rxa3 e4 25.Re1 Bd2 26.Nd5+ Ke6 27.Rd1 Bh6 28.
Ne3 Bg7 29.fxe4 Bxe4 30.Ra2 Rb8 31.Ke1 Rxb2 32.Rxb2 Bxb2 33.Kd2 c4 34.Re1 
d5 35.Nd1 Ba3 36.Nc3 Bb4 0-1

[Event "East European zonal 3 (w)"]
[Site "Brno CSR"]
[Date "1989.??.??"]
[Round "12"]
[White "Voiska, Margarita"]
[Black "Klusek, Danuta"]
[Result "1-0"]
[WhiteElo "2335"]
[BlackElo "2190"]
[EventDate "1989.09.23"]
[PlyCount "101"]

1.c4 Nf6 2.Nf3 e6 3.Nc3 d5 4.d4 Be7 5.Bg5 O-O 6.e3 h6 7.Bh4 b6 8.Qc2 Bb7 
9.Bxf6 Bxf6 10.cxd5 exd5 11.O-O-O Nd7 12.g4 c5 13.h4 cxd4 14.exd4 Qc7 15.
Kb1 Qf4 16.Be2 Be7 17.g5 h5 18.Ne1 g6 19.Bd3 Kg7 20.Ng2 Qf3 21.Bf1 Bb4 22.
Rd3 Qf5 23.Ne3 Qe6 24.Bh3 Qd6 25.Nb5 Qc6 26.Qxc6 Bxc6 27.a4 a5 28.Rc1 Nb8 
29.Nf1 Rd8 30.Nd2 Bd6 31.Nf3 Bf4 32.Re1 Bd7 33.Bxd7 Nxd7 34.Ne5 Bxe5 35.
dxe5 Nc5 36.Rf3 Rd7 37.Nd4 Ne4 38.Ka2 Re8 39.Rb3 Rxe5 40.Ree3 Rde7 41.Nc6 
d4 42.Rh3 d3 43.Nxe5 d2 44.Rhd3 Rxe5 45.Rxb6 Rc5 46.Rb8 Rc4 47.Rdd8 Rxa4+ 
48.Kb1 d1=Q+ 49.Rxd1 Nc5 50.Rdd8 f5 51.Rbc8 1-0

[Event "East European zonal 3 (w)"]
[Site "Brno CSR"]
[Date "1989.??.??"]
[Round "13"]
[White "Kaczorowska, Barbara"]
[Black "Sziva, Erika"]
[Result "0-1"]
[WhiteElo "2225"]
[BlackElo "2250"]
[EventDate "1989.09.23"]
[PlyCount "40"]

1.Nf3 Nf6 2.g3 g6 3.Bg2 Bg7 4.O-O O-O 5.c4 c5 6.d4 d6 7.Nc3 Nc6 8.dxc5 
dxc5 9.Be3 Qa5 10.Qb3 Ng4 11.Bd2 Nd4 12.Nxd4 cxd4 13.Qb5 Qd8 14.Nd5 e6 15.
Ba5 Qd7 16.Nc7 Rb8 17.Rac1 Ne5 18.Qxd7 Bxd7 19.Nb5 Nxc4 20.Rxc4 Bxb5 0-1

[Event "East European zonal 3 (w)"]
[Site "Brno CSR"]
[Date "1989.??.??"]
[Round "13"]
[White "Kisova, Petra"]
[Black "Ghinda, Eugenia"]
[Result "1-0"]
[WhiteElo "2105"]
[BlackElo "2200"]
[EventDate "1989.09.23"]
[PlyCount "101"]

1.e4 e5 2.Nf3 Nf6 3.d4 Nxe4 4.Bd3 d5 5.Nxe5 Nd7 6.O-O Nxe5 7.dxe5 Nc5 8.
Be3 Nxd3 9.Qxd3 Be7 10.Nd2 O-O 11.f4 f6 12.c4 fxe5 13.fxe5 Be6 14.Rxf8+ 
Bxf8 15.c5 Qd7 16.Rf1 c6 17.Bd4 Be7 18.Qg3 Rf8 19.Nf3 Rf5 20.b4 Qe8 21.Be3
Qh5 22.Rb1 a6 23.a4 Rf8 24.b5 Bf5 25.Rb4 axb5 26.axb5 Ra8 27.bxc6 Ra1+ 28.
Kf2 Ra2+ 29.Ke1 bxc6 30.e6 h6 31.Bd4 Qg6 32.Qxg6 Bxg6 33.Rb8+ Kh7 34.Ne5 
Bh5 35.g4 Bh4+ 36.Kf1 Bg6 37.Nxc6 Bd3+ 38.Kg1 Re2 39.Rb7 Be4 40.Rxg7+ Kh8 
41.Rf7+ Kg8 42.Ne7+ Bxe7 43.Rxe7 Rg2+ 44.Kf1 Kf8 45.Rg7 Rd2 46.e7+ Ke8 47.
Bf6 Bd3+ 48.Ke1 Re2+ 49.Kd1 Kd7 50.Rg8 Bb5 51.c6+ 1-0

[Event "East European zonal 3 (w)"]
[Site "Brno CSR"]
[Date "1989.??.??"]
[Round "13"]
[White "Klusek, Danuta"]
[Black "Genova, Ruzhka"]
[Result "1-0"]
[WhiteElo "2190"]
[BlackElo "2210"]
[EventDate "1989.09.23"]
[PlyCount "67"]

1.e4 c5 2.Nf3 e6 3.d4 cxd4 4.Nxd4 Nf6 5.Nc3 d6 6.g4 Nc6 7.g5 Nd7 8.Be3 Be7
9.Rg1 a6 10.Qd2 O-O 11.O-O-O Nxd4 12.Qxd4 b5 13.Kb1 Qa5 14.f4 b4 15.Ne2 
Re8 16.h4 e5 17.Qd2 Nc5 18.Bg2 Bb7 19.Ng3 Bf8 20.f5 g6 21.h5 Rab8 22.Rdf1 
Na4 23.fxg6 fxg6 24.Qf2 Re7 25.hxg6 Nc3+ 26.bxc3 bxc3 27.gxh7+ Rxh7 28.Kc1
d5 29.g6 Ba3+ 30.Kd1 Rd7 31.Bh3 dxe4+ 32.Bxd7 Qd5+ 33.Ke1 Rf8 34.Qh2 1-0

[Event "East European zonal 3 (w)"]
[Site "Brno CSR"]
[Date "1989.??.??"]
[Round "13"]
[White "Madl, Ildiko"]
[Black "Muresan, Margareta"]
[Result "1/2-1/2"]
[WhiteElo "2310"]
[BlackElo "2215"]
[EventDate "1989.09.23"]
[PlyCount "85"]

1.e4 c5 2.Nf3 d6 3.d4 cxd4 4.Nxd4 g6 5.Nc3 Bg7 6.Be3 Nf6 7.Bc4 O-O 8.Bb3 
Qa5 9.O-O Nc6 10.h3 Bd7 11.Nd5 Nxe4 12.Nxc6 Bxc6 13.Nxe7+ Kh8 14.Nxc6 bxc6
15.Bd4 Rae8 16.c3 c5 17.Bxg7+ Kxg7 18.Re1 Qd8 19.Re2 f5 20.Qe1 Nf6 21.Rd1 
Rxe2 22.Qxe2 Qd7 23.Qc4 Rd8 24.Rd2 Re8 25.Kf1 Qe7 26.Re2 Qxe2+ 27.Qxe2 
Rxe2 28.Kxe2 Kf8 29.Ke3 Nd7 30.Kf4 a5 31.h4 Ne5 32.Bc2 Kg7 33.f3 h5 34.b3 
Kf6 35.Bd1 d5 36.Be2 Nc6 37.Ba6 d4 38.cxd4 cxd4 39.a3 Ne7 40.Bc4 Nc6 41.
Bd3 Ne7 42.Bc4 Nc6 43.Bd3 1/2-1/2

[Event "East European zonal 3 (w)"]
[Site "Brno CSR"]
[Date "1989.??.??"]
[Round "13"]
[White "Prochazkova, Dana"]
[Black "Detko, Joanna"]
[Result "1/2-1/2"]
[WhiteElo "2025"]
[BlackElo "2175"]
[EventDate "1989.09.23"]
[PlyCount "119"]

1.d4 Nf6 2.c4 g6 3.Nc3 Bg7 4.e4 d6 5.f4 O-O 6.Be2 c5 7.d5 e6 8.Nf3 exd5 9.
exd5 Nh5 10.O-O f5 11.Bd3 Na6 12.Re1 Nc7 13.Bd2 Bd7 14.Qc2 Rb8 15.a4 b6 
16.Nb5 a6 17.Nxc7 Qxc7 18.g3 Rfe8 19.Rxe8+ Rxe8 20.Re1 Qb8 21.b3 b5 22.
axb5 axb5 23.Kf2 bxc4 24.bxc4 Rxe1 25.Bxe1 Qb2 26.Qxb2 Bxb2 27.h3 Ba4 28.
Bd2 Nf6 29.Ba5 Kf8 30.Nd2 Ke7 31.Kf3 Bd1+ 32.Kf2 Bd4+ 33.Kg2 Kd7 34.Nf3 
Bb2 35.Ng5 Ke7 36.Nf3 Nd7 37.Ng5 Nf6 38.Nf3 Ba1 39.Ne1 Bb3 40.Kf3 Bb2 41.
Ke3 Bd4+ 42.Kf3 Bd1+ 43.Be2 Bb3 44.Bd3 Ne4 45.Nc2 Bc3 46.Bxc3 Nxc3 47.Ne3 
Nd1 48.Nxd1 Bxd1+ 49.Ke3 Kf6 50.Kd2 Bf3 51.Bf1 g5 52.Ke3 Be4 53.fxg5+ Kxg5
54.Be2 Kf6 55.Kf4 Bg2 56.h4 Bh3 57.Bd3 Bg4 58.Bf1 h6 59.Bd3 Kg6 60.Bf1 
1/2-1/2

[Event "East European zonal 3 (w)"]
[Site "Brno CSR"]
[Date "1989.??.??"]
[Round "13"]
[White "Savova, Stefka"]
[Black "Forgo, Eva"]
[Result "1-0"]
[WhiteElo "2240"]
[BlackElo "2165"]
[EventDate "1989.09.23"]
[PlyCount "111"]

1.e4 e5 2.Nf3 Nc6 3.Nc3 Nf6 4.Bb5 Bb4 5.O-O O-O 6.d3 d6 7.Bg5 Bxc3 8.bxc3 
Qe7 9.Re1 Nd8 10.d4 Bg4 11.h3 Bh5 12.g4 Bg6 13.d5 c6 14.Bd3 cxd5 15.exd5 
Rc8 16.c4 b6 17.Qd2 Nb7 18.Rab1 Na5 19.Qb4 Qd8 20.Qb5 Rc7 21.Nd2 Rc5 22.
Qa4 Qd7 23.Qxd7 Nxd7 24.Be7 Re8 25.Bxd6 Rcc8 26.h4 Nb7 27.Ba3 Nbc5 28.Re3 
f6 29.h5 Bf7 30.Bf5 Rcd8 31.f3 g6 32.hxg6 hxg6 33.Bxd7 Nxd7 34.Ne4 Kg7 35.
Re2 Rh8 36.Rh2 Rxh2 37.Kxh2 Rc8 38.Nd6 Rc7 39.Rd1 a6 40.Rd2 Kg8 41.Kg3 Kg7
42.Kf2 Kg8 43.Ke2 Kg7 44.Kd1 Kg8 45.Kc1 Kg7 46.Kb2 Kg8 47.c3 Kg7 48.Kc2 
Kg8 49.Rh2 Nc5 50.Bxc5 bxc5 51.Kd3 Kg7 52.Rb2 Rd7 53.Rb6 a5 54.Ne4 f5 55.
gxf5 gxf5 56.Nxc5 1-0

[Event "East European zonal 3 (w)"]
[Site "Brno CSR"]
[Date "1989.??.??"]
[Round "13"]
[White "Skacelova, Libuse"]
[Black "Stanciu, Gabriela"]
[Result "0-1"]
[WhiteElo "2160"]
[BlackElo "2215"]
[EventDate "1989.09.23"]
[PlyCount "80"]

1.e4 e5 2.Nf3 Nc6 3.Nc3 Nf6 4.Bb5 Bb4 5.O-O O-O 6.d3 d6 7.Bg5 Bxc3 8.bxc3 
Qe7 9.Nd2 h6 10.Bh4 Nd8 11.Re1 Ne6 12.Nf1 g5 13.Bg3 c6 14.Bc4 Ng7 15.Ne3 
b5 16.Bb3 Be6 17.a4 a6 18.h3 Nfh5 19.Bh2 Nf4 20.Qf3 Qf6 21.g4 h5 22.Nf5 
hxg4 23.hxg4 Nxf5 24.gxf5 Bxb3 25.cxb3 Kg7 26.Bxf4 exf4 27.d4 Rh8 28.Kg2 
Rh6 29.Rh1 Rah8 30.Rxh6 Qxh6 31.Rg1 Qh2+ 32.Kf1 Qh3+ 33.Qxh3 Rxh3 34.axb5 
axb5 35.e5 dxe5 36.dxe5 f6 37.e6 Rxc3 38.b4 f3 39.Ke1 Rc1+ 40.Kd2 Rxg1 0-1

[Event "East European zonal 3 (w)"]
[Site "Brno CSR"]
[Date "1989.??.??"]
[Round "13"]
[White "Veroci-Petronic, Zsuzsa"]
[Black "Voiska, Margarita"]
[Result "1/2-1/2"]
[WhiteElo "2340"]
[BlackElo "2335"]
[EventDate "1989.09.23"]
[PlyCount "20"]

1.e4 e5 2.Nf3 Nc6 3.Bc4 Bc5 4.c3 Nf6 5.d3 d6 6.O-O O-O 7.a4 a6 8.Bb3 Ba7 
9.Nbd2 Ne7 10.Nc4 Be6 1/2-1/2

[Event "East European zonal 3 (w)"]
[Site "Brno CSR"]
[Date "1989.??.??"]
[Round "13"]
[White "Wagner-Michel, Annett"]
[Black "Velvart, Peterne"]
[Result "1-0"]
[WhiteElo "2190"]
[BlackElo "2220"]
[EventDate "1989.09.23"]
[PlyCount "71"]

1.e4 c5 2.Nf3 d6 3.b3 Nf6 4.Bb5+ Bd7 5.Qe2 Nc6 6.Bb2 e6 7.O-O Be7 8.d4 
cxd4 9.Nxd4 O-O 10.Bxc6 bxc6 11.e5 dxe5 12.Nf3 Bc8 13.Nxe5 Bb7 14.c4 c5 
15.Nc3 a6 16.Rad1 Qc7 17.f3 Rad8 18.Ne4 Nxe4 19.Rxd8 Rxd8 20.fxe4 Bf6 21.
Nxf7 Bxb2 22.Qxb2 Rf8 23.Ne5 Rxf1+ 24.Kxf1 Bxe4 25.Kf2 Qb7 26.Qd2 Qc7 27.
Qd7 Qxd7 28.Nxd7 Bb1 29.a3 Ba2 30.Nxc5 Kf7 31.Ke3 Ke7 32.Kd4 a5 33.b4 axb4
34.axb4 Kd6 35.Ne4+ Kc6 36.b5+ 1-0

[Event "East European zonal 3 (w)"]
[Site "Brno CSR"]
[Date "1989.??.??"]
[Round "14"]
[White "Forgo, Eva"]
[Black "Prochazkova, Dana"]
[Result "1/2-1/2"]
[WhiteElo "2165"]
[BlackElo "2025"]
[EventDate "1989.09.23"]
[PlyCount "93"]

1.e4 c6 2.Nc3 d5 3.Qf3 dxe4 4.Nxe4 Nf6 5.Nxf6+ exf6 6.Ne2 Qe7 7.d4 Be6 8.
Bd2 Na6 9.O-O-O Bd5 10.Qg3 O-O-O 11.Nc3 Nc7 12.Nxd5 Rxd5 13.c3 g6 14.Bc4 
Rd7 15.Rhe1 Qd8 16.Qh3 Nd5 17.Re2 h5 18.Rde1 Bd6 19.Qf3 Nc7 20.Bf4 Bxf4+ 
21.Qxf4 Re8 22.Rxe8 Nxe8 23.Qe3 Nd6 24.Bb3 Nf5 25.Qe8 Nd6 26.Qxd8+ Kxd8 
27.Kc2 Re7 28.Rxe7 Kxe7 29.Kd3 h4 30.d5 c5 31.Bd1 f5 32.g3 hxg3 33.hxg3 
Ne4 34.Ke3 Kd6 35.c4 Nf6 36.b3 Ne4 37.Bc2 Nf6 38.f3 Ke5 39.Bd1 Ne8 40.Be2 
Nc7 41.a3 a5 42.f4+ Kd6 43.Kd3 b5 44.Bf3 b4 45.axb4 axb4 46.Ke3 Ne8 47.Kd3
1/2-1/2

[Event "East European zonal 3 (w)"]
[Site "Brno CSR"]
[Date "1989.??.??"]
[Round "14"]
[White "Genova, Ruzhka"]
[Black "Veroci-Petronic, Zsuzsa"]
[Result "1/2-1/2"]
[WhiteElo "2210"]
[BlackElo "2340"]
[EventDate "1989.09.23"]
[PlyCount "60"]

1.d4 Nf6 2.Nf3 g6 3.c4 Bg7 4.Nc3 d5 5.Bg5 Ne4 6.cxd5 Nxg5 7.Nxg5 e6 8.Qd2 
Bh6 9.f4 exd5 10.Qe3+ Kf8 11.g3 c6 12.Bh3 Bxh3 13.Nxh3 Nd7 14.O-O-O Nb6 
15.Qf3 Qe7 16.e4 dxe4 17.Nxe4 Qe6 18.Qa3+ Kg7 19.Nhf2 Rhe8 20.Kb1 Rad8 21.
Nc5 Qf5+ 22.Qd3 Rxd4 23.Qxf5 Rxd1+ 24.Nxd1 gxf5 25.Nxb7 Kg6 26.Na5 Re6 27.
Nc3 Bg7 28.Rc1 Bd4 29.Kc2 c5 30.Rd1 a6 1/2-1/2

[Event "East European zonal 3 (w)"]
[Site "Brno CSR"]
[Date "1989.??.??"]
[Round "14"]
[White "Ghinda, Eugenia"]
[Black "Savova, Stefka"]
[Result "1-0"]
[WhiteElo "2200"]
[BlackElo "2240"]
[EventDate "1989.09.23"]
[PlyCount "121"]

1.d4 Nf6 2.Nf3 g6 3.Bg5 Bg7 4.Nbd2 d5 5.e3 O-O 6.c3 Nbd7 7.b4 Ne4 8.Nxe4 
dxe4 9.Nd2 h6 10.Bh4 g5 11.Bg3 f5 12.Bc4+ Kh7 13.f3 e5 14.fxe4 f4 15.Bf2 
fxe3 16.Bxe3 exd4 17.cxd4 Nb6 18.e5 Nxc4 19.Qc2+ Kh8 20.Qxc4 a5 21.b5 Qe7 
22.Ne4 Be6 23.Qc5 Qxc5 24.Nxc5 Bd5 25.Rg1 b6 26.Na4 Bc4 27.Nc3 a4 28.Rb1 
a3 29.Rb4 Be6 30.h3 Kh7 31.Rb1 Kg6 32.Rf1 Bc4 33.Rxf8 Rxf8 34.Kd2 Rd8 35.
Kc2 h5 36.Rd1 Be6 37.Rd2 Bc4 38.Rf2 Be6 39.Rd2 Bc4 40.Rd1 Be6 41.Bc1 Ra8 
42.Kd3 Bf5+ 43.Kc4 Bc2 44.Rd2 Bf5 45.Re2 Be6+ 46.d5 Bf7 47.Re1 Be8 48.Bd2 
Bf7 49.e6 Be8 50.g4 hxg4 51.hxg4 Ra5 52.Rb1 Bf8 53.Be3 Bd6 54.Bd4 Bf4 55.
Rf1 Ra8 56.Rh1 Bd6 57.Rh8 Be7 58.Rg8+ Kh6 59.Rg7 Bd6 60.Bf6 Bg6 61.Rd7 1-0